| 000 | 00778nac a2200241 a 4500 | ||
|---|---|---|---|
| 003 | Co-PeBPM | ||
| 005 | 20250211235631.0 | ||
| 008 | 250211e1995 |||||||| |||| 00| 0 spa d | ||
| 020 | _a958944203X | ||
| 040 | 0 |
_aCo-PeBPM _bspa _cCo-PeBPM _erda |
|
| 041 | 0 | _aspa | |
| 082 | 0 | 4 | _a352.086 G216m |
| 100 | 1 |
_aGarcía-Herreros Salcedo _eautor |
|
| 245 | 1 | 0 |
_aManual de administración pública _c/ Orlando García Herreros S. |
| 260 |
_aBogotá, Colombia _b: Institución Universitaria Sergio Arboleda _c, 1995 |
||
| 300 |
_aiv, 215 páginas _c; 23 centímetros |
||
| 490 |
_aSerie mayor _vv9 |
||
| 500 | _aIncluye índice. | ||
| 504 | _aIncluye bibliografía. | ||
| 650 | 1 | 4 |
_2LEMB _aAdministración pública _zColombia |
| 650 | 1 | 4 |
_2LEMB _aFunción pública |
| 942 |
_2ddc _cBK _n0 |
||
| 999 |
_c60507 _d60507 |
||